Statistics for Ligue des Champions 1955-1956

Click here to take the quiz!

General Stats

  • This quiz has been taken 27 times
  • The average score is 9 of 30

Answer Stats

Stade de la compétitionAnswerScore% Correct
Huitième de finale (V)Real Madrid2-0 ; 5-0
100%
Finale (champion)Real Madrid4
100%
Demi-finale (V)Real Madrid4-2 ; 1-2
100%
Quart de finale (V)Real Madrid4-0 ; 0-3
100%
Huitième de finale (V)Stade de Reims2-0 ; 2-2
68%
Demi-finale (V)Stade de Reims2-0 ; 1-0
68%
Quart de finale (V)Stade de Reims4-2 ; 4-4
68%
Finale (finaliste)Stade de Reims3
68%
Quart de finale (V)AC Milan1-1 ; 7-2
55%
Demi-finaleAC MilanCumul 5-3
55%
Huitième de finale (V)AC Milan3-4 ; 4-1
55%
Huitième de finalePSV EindhovenCumul 6-2
18%
Quart de finaleRapid VienneCumul 8-3
5%
Huitième de finale (V)Rapid Vienne6-1 0-1
5%
Huitième de finaleRSC AnderlechtCumul 10-4
5%
Huitième de finaleAGF ArhusCumul 4-2
0%
Huitième de finale (V)Djurgårdens IF0-0 ; 4-1
0%
Quart de finaleDjurgårdens IFCumul 5-1
0%
Huitième de finaleFC SarrebruckCumul 7-5
0%
Quart de finaleFK Partizan BelgradeCumul 4-3
0%
Huitième de finale (V)FK Partizan Belgrade3-3 ; 5-2
0%
Huitième de finaleGwardia VarsovieCumul 4-1
0%
Quart de finale (V)Hibernian FC3-1 ; 1-0
0%
Huitième de finale (V)Hibernian FC4-0 ; 1-1
0%
Demi-finaleHibernian FCCumul 3-0
0%
Huitième de finaleRot-Weiss EssenCumul 5-1
0%
Huitième de finaleServette FCCumul 7-0
0%
Huitième de finaleSporting PortugalCumul 8-5
0%
Quart de finaleVörös LobogoCumul 8-6
0%
Huitième de finale (V)Vörös Lobogo6-3 ; 4-1
0%

Score Distribution

Percentile by Number Answered

Percent of People with Each Score

Your Score History

You have not taken this quiz